000 00633nam a22002657a 4500
003 UA-OsUOA
001 31580
007 ta
008 20041224b un ||||| |||| 00| 0 ukr d
100 _aФарби Э.Д.
090 _a659.1
_bФ24
942 _cBK
040 _aUA-OsUOA
_brus
_cUA-OsUOA
_dUA-OsUOA
245 _aКак создать успешную рекламу
300 _a256 с.
955 _a0
041 _arus
080 _a659.1
020 _a5-7654-3347-2
260 _aСПб
_bИзд. дом "Нева"
_c2004
044 _aRU
250 _n3-е издание
650 7 _2UDC
999 _c318009
_d318009